Majú dostatočnú podporu? Malé a stredné podniky.

Malé podniky - firmy do 9 zamestnancov, stredné od 10-500 zamestnancov. Majú v každej vyspelej ekonomike významné miesto, sú najdynamickejšie, najpružnejšie, vytvárajú nové pracovné príležitosti. Štáty im venujú mimoriadnu pozornosť. Vypracúvajú sa mechanizmy a komplexy opatrení na pomoc pri ich vyt...

Ausführliche Beschreibung

Gespeichert in:
Bibliographische Detailangaben
1. Verfasser: Valach, V.
Format: Buchkapitel
Sprache:Slowakisch
Schlagworte:
Tags: Tag hinzufügen
Keine Tags, Fügen Sie das erste Tag hinzu!

MARC

LEADER 00000naa a2200000 4500
001 r004912
005 20221125080101.9
041 0 |a slo 
044 |a [CS] 
245 1 0 |a Majú dostatočnú podporu?  |b Malé a stredné podniky.  |c V. Valach 
520 |a Malé podniky - firmy do 9 zamestnancov, stredné od 10-500 zamestnancov. Majú v každej vyspelej ekonomike významné miesto, sú najdynamickejšie, najpružnejšie, vytvárajú nové pracovné príležitosti. Štáty im venujú mimoriadnu pozornosť. Vypracúvajú sa mechanizmy a komplexy opatrení na pomoc pri ich vytváraní a rozvoji. V západnej Európe snahy po vzájomnej koordinácii a kompatibilite jednotlivých mechanizmov. 
610 2 0 |a podnik malý 
610 2 0 |a podnik stredný 
610 2 0 |a banky 
610 2 0 |a Slovensko 
610 2 0 |a Slovenská záručná banka, š.p.ú. Bratislava 
610 2 0 |a zdroje finančné 
100 1 |a Valach, V.